1992: NFL Teams with the Most Points - Statistics

General Stats
  • This quiz has been taken 14 times
  • The average score is 8 of 10
Answer Stats
Number of points NFL Team % Correct
409 Dallas Cowboys
100%
340 Miami Dolphins
100%
381 Buffalo Bills
93%
352 Houston Oilers
93%
431 San Francisco 49ers
86%
348 Kansas City Chiefs
71%
374 Minnesota Vikings
71%
330 New Orleans Saints
71%
354 Philadelphia Eagles
64%
335 San Diego Chargers
57%
No matching quizzes found
Score Distribution
Percent of People with Each Score
Percentile by Number Answered
Your Score History
You have not taken this quiz